BIBLIOTHÈQUE DE LA MAISON DU MEXIQUE

Logo 1 Logo 2

El matrimonio en Mesoamérica ayer y hoy (notice nᵒ 5721)

détails MARC
000 -Sello discográfico
campo de control de longitud fija 01365nam0a2200349 4500
005 - Identificación de versión
campo de control 20251016084514.0
010 ## - Número Estándar Internacional de Libros (ISBN)
Número (ISBN) 968-859-503-9
035 ## - Otros números de control del sistema
Número de control del sistema 4952
099 ## - fechas locales
Tipo de ítem Koha LIBRO
100 ## - Datos de procesamiento general
Datos de procesamiento general 20120621d2003 m y0spay5003 ba
105 ## - Campo de datos codificados: Material textual, monográfico
Datos codificados de monografía y 101zy
200 1# - Título y mención de responsabilidad
Título propio El matrimonio en Mesoamérica ayer y hoy
Designación general del material texto impreso
Otra información del título unas miradas antropológicas
Primer mención de responsabilidad Compilación David Robichaux
205 ## - Declaración de edición
Declaración de edición 1a ed
210 ## - Publicación, distribución, etc.
Lugar de publicación, distribución, etc. México
Nombre del editor, distribuidor, etc. Universidad Iberoamericana
Fecha de publicación, distribución, etc. 2003
215 ## - Descripción física
Designación de material específico y extensión del ítem 362 p
Dimensiones 21 cm
320 ## - Nota de índices/bibliografías internas
Texto de la nota Incluye bibliografía: p.357-360
345 ## - Nota de información de adquisición
Fuente de adquisición/dirección de la suscripción [OBSOLETO] Donación de David Robichaux
410 #1 - Series
Título Serie Unas miradas antropológicas
Número de volumen 1
606 ## - Término temático usado como materia
Elemento de entrada Antropología
Subdivisión geográfica México
Subdivisión temática Congresos
Número Koha 10960
606 ## - Término temático usado como materia
Elemento de entrada Familia
Subdivisión geográfica Mesoamérica
Subdivisión temática Congresos
Número Koha 10961
606 ## - Término temático usado como materia
Elemento de entrada Familia
Subdivisión geográfica México
Subdivisión temática Congresos
Número Koha 10962
606 ## - Término temático usado como materia
Elemento de entrada Matrimonio
Subdivisión geográfica Mesoamérica
Subdivisión temática Congresos
Número Koha 10963
606 ## - Término temático usado como materia
Elemento de entrada Matrimonio
Subdivisión geográfica México
Subdivisión temática Congresos
Número Koha 10964
702 ## - Nombre personal - Responsabilidad secundaria
Elemento de entrada Robichaux Haydel
Parte del nombre distinta del elemento de entrada David Luke
Número Koha 7862
710 ## - Nombre de entidad corporativa - Responsabilidad primaria
Elemento de entrada Seminario Familia y Parentesco en México : Unas Miradas Antropológicas
Fecha de la reunión 11 y 12 de febrero de 1998
Lugar de la reunión Universidad Iberoamericana, Ciudad de México
Número Koha 10965
801 #0 - Fuente de origen
País FR
Agencia cm
Reglas de catalogación (convenciones descriptivas) AFNOR
900 ## -
-- 1/21210
942 ## - ELEMENTOS DE ENTRADA SECUNDARIOS (KOHA)
Tipo de ítem Koha Livre
996 ## -
-- MEX
-- 751145101
-- MMAG
-- 002827
-- 301.42 S471 1998 V.1
-- 20120621LIV
Exemplaires
Estatus retirado Estado de daño Estado de pérdida Fecha de adquisición Biblioteca de origen Biblioteca actual Ubicación en estantería Código de barras Precio de reemplazo Signatura topográfica completa No para préstamo Tipo de ítem Koha Nota pública Nota no pública
      05/08/2025 Casa México Paris Casa México Paris   002827 05/08/2025 301.42 S471 1998 V.1   Livre 20120621LIV 751145101